Nền tảng giáo dục đại học Mỹ
Gardado en:
| Autor Principal: | |
|---|---|
| Formato: | Libro |
| Publicado: |
[ Kđ ]
Simon
|
| Những chủ đề: | |
| Các nhãn: |
Engadir etiqueta
Sen Etiquetas, Sexa o primeiro en etiquetar este rexistro!
|
| Thư viện lưu trữ: | Trung tâm Học liệu Lê Vũ Hùng, Trường Đại học Đồng Tháp |
|---|
| LEADER | 00707pam a22002418a 4500 | ||
|---|---|---|---|
| 001 | 00019550 | ||
| 005 | 20171026081022.0 | ||
| 008 | 110507s ||||||Viesd | ||
| 041 | 0 | # | |a Vie |
| 082 | 1 | 4 | |a 378.73 |b N254T |
| 100 | 0 | # | |a Bess, Jame L. |e chủ biên |
| 245 | 0 | 0 | |a Nền tảng giáo dục đại học Mỹ |c Jame L.Bess |
| 260 | # | # | |a [ Kđ ] |b Simon |
| 300 | # | # | |a 243 tr. |c 29 cm. |
| 650 | # | 4 | |a Giáo dục |
| 650 | # | 4 | |a Đại học |
| 653 | # | # | |a Mỹ |
| 852 | # | # | |b Kho mượn |j KM.0002840 |
| 852 | # | # | |b Kho đọc |j KD.0005354 |
| 852 | # | # | |j KM.0002840 |j KD.0005354 |
| 910 | |d 07/05/2011 | ||
| 980 | # | # | |a Trung tâm Học liệu Lê Vũ Hùng, Trường Đại học Đồng Tháp |